[Event "3. Winter-Open 2024"]
[Site "Nuernberg"]
[Date "2024.02.11"]
[Round "5.27"]
[White "Atturi, Sathwik Reddy"]
[Black "Yanpala, Oguz Faruk"]
[Result "1-0"]
[WhiteElo "1332"]
[BlackElo "1196"]
[PlyCount "73"]
[EventDate "2024.??.??"]
[WhiteTeam "Spvg Zabo-Eintracht Nürnberg e.V"]
[BlackTeam "SC JÄKLECHEMIE Talente Franken e"]

1. e4 e5 2. Nf3 Nc6 3. Bc4 Bc5 4. c3 Nf6 5. d4 exd4 6. cxd4 Bb4+ 7. Bd2 Nxe4 8. Bxb4 Nxb4 9. Bxf7+ Kxf7 10. Qb3+ d5 11. Qxb4 Re8 12. O-O Qd6 13. Qb3 b6 14. Ne5+ Kg8 15. Re1 c5 16. Rxe4 c4 17. Qf3 Be6 18. Re2 Rf8 19. Qe3 Bf5 20. Nc3 a6 21. a3 Rac8 22. Ree1 b5 23. Qg5 Rcd8 24. Qg3 Qb6 25. Rad1 a5 26. Nf3 b4 27. axb4 axb4 28. Na4 Qc6 29. Nc5 Rf6 30. Ne5 Qc7 31. Re3 Bc2 32. Rc1 Bf5 33. Ng4 Qxg3 34. Nxf6+ gxf6 35. Rxg3+ Kf7 36. Re3 Rg8 37. Rce1 1-0

[Event "3. Winter-Open 2024"]
[Site "Nuernberg"]
[Date "2024.02.11"]
[Round "5.28"]
[White "Ziegler, Jonas"]
[Black "Bharathula, Agasthya"]
[Result "1-0"]
[WhiteElo "1200"]
[BlackElo "1318"]
[PlyCount "105"]
[EventDate "2024.??.??"]
[BlackTeam "SC Noris-Tarrasch Nürnberg 1873"]

1. e4 e5 2. Nf3 Nc6 3. Bb5 a6 4. Ba4 Nf6 5. O-O Be7 6. Re1 b5 7. Bb3 d5 8. exd5 Nxd5 9. Nxe5 Nxe5 10. Rxe5 c6 11. c3 O-O 12. d4 Bd6 13. Re1 Qh4 14. g3 Qh3 15. Qf3 Bg4 16. Qg2 Rae8 17. Be3 Nxe3 18. Qxh3 Bxh3 19. fxe3 Re7 20. Nd2 Rfe8 21. e4 c5 22. Bd5 cxd4 23. cxd4 Bb4 24. Re2 Kh8 25. a3 Ba5 26. b4 Bc7 27. Nb3 f5 28. Nc5 fxe4 29. Bxe4 Bf5 30. Rae1 Bxe4 31. Rxe4 Rxe4 32. Rxe4 Rxe4 33. Nxe4 Kg8 34. Kf2 Kf7 35. Nc5 Bb6 36. Ke3 Bxc5 37. bxc5 Ke6 38. Ke4 a5 39. d5+ Kd7 40. Ke5 g5 41. c6+ Ke7 42. d6+ Kd8 43. Ke6 b4 44. axb4 axb4 45. c7+ Kc8 46. Ke7 b3 47. d7+ Kb7 48. c8=Q+ Ka7 49. Qc3 h5 50. Qxb3 h4 51. d8=Q hxg3 52. Qdb6+ Ka8 53. Qb7# 1-0

[Event "3. Winter-Open 2024"]
[Site "Nuernberg"]
[Date "2024.02.11"]
[Round "5.29"]
[White "Heron, Doris"]
[Black "Bharathula, Akhila"]
[Result "0-1"]
[WhiteElo "1021"]
[BlackElo "1264"]
[PlyCount "106"]
[EventDate "2024.??.??"]
[BlackTeam "SC Noris-Tarrasch Nürnberg 1873"]

1. d4 d5 2. Bf4 Nf6 3. Nf3 Nc6 4. e3 a6 5. c4 Bf5 6. Nc3 Nb4 7. Qa4+ Nc6 8. Ne5 Bd7 9. cxd5 Nxe5 10. Qb3 Ng6 11. Bg3 b6 12. Bd3 e6 13. Bxg6 hxg6 14. O-O exd5 15. Nxd5 Nxd5 16. Qxd5 Bb5 17. Qxd8+ Rxd8 18. Rfc1 Bd6 19. a4 Bxg3 20. fxg3 Bd7 21. Rxc7 O-O 22. b3 b5 23. a5 Be6 24. b4 Rc8 25. Rc5 Rxc5 26. dxc5 Bd5 27. Rd1 Bb7 28. Re1 Re8 29. Kf2 Re4 30. Rb1 Rc4 31. h4 Rc2+ 32. Kg1 Rxg2+ 33. Kf1 Rxg3 34. Kf2 Rg4 35. Rc1 Bc6 36. Rd1 Rxb4 37. Rd6 Rb2+ 38. Kg3 Be8 39. Rxa6 Kh7 40. c6 Rc2 41. Rb6 Rxc6 42. Rxb5 Re6 43. Rb6 Rxb6 44. axb6 Bc6 45. Kf4 Kh6 46. Ke5 Kh5 47. Kd6 Bf3 48. Ke7 Kxh4 49. Kxf7 g5 50. Ke6 g4 51. Kf5 Ba8 52. e4 g3 53. Kf4 g2 0-1

[Event "3. Winter-Open 2024"]
[Site "Nuernberg"]
[Date "2024.02.11"]
[Round "5.30"]
[White "Jusic, Enes"]
[Black "Kaplan, Büsra"]
[Result "0-1"]
[WhiteElo "1135"]
[BlackElo "1200"]
[PlyCount "74"]
[EventDate "2024.??.??"]
[WhiteTeam "SC JÄKLECHEMIE Talente Franken e"]
[BlackTeam "SC JÄKLECHEMIE Talente Franken e"]

1. Nf3 d5 2. d4 e6 3. c4 Nf6 4. a3 c5 5. Nc3 Nbd7 6. Bf4 a6 7. e3 Nb6 8. b3 Be7 9. dxc5 Bxc5 10. b4 Be7 11. c5 Nc4 12. Qb3 b5 13. cxb6 Nxb6 14. Be2 O-O 15. Qc2 h6 16. O-O Nh5 17. Bg3 Bf6 18. Be5 g6 19. Rad1 Bb7 20. Na4 Rc8 21. Qb3 Nd7 22. Bxf6 Nhxf6 23. Nb2 Ne4 24. Rc1 f6 25. Nd4 Nd2 26. Qd3 Nxf1 27. Qxg6+ Kh8 28. Qxh6+ Kg8 29. Qg6+ Kh8 30. Rxc8 Bxc8 31. Nxe6 Qe7 32. Nxf8 Qxf8 33. Kxf1 f5 34. Bxa6 Ne5 35. Qb6 Nd7 36. Qb5 Nb8 37. Qxb8 Bxa6+ 0-1